[Event "4. Moscu Open 2008"]
[Site "Moscu RUS"]
[Date "2008.02.08"]
[Round "7.124"]
[White "Loginov, Anton"]
[Black "Umansky, Vladimir"]
[Result "1/2-1/2"]
[WhiteElo "2231"]
[BlackElo "2333"]
[PlyCount "30"]
[EventDate "2008.02.02"]
[EventType "swiss"]
[EventRounds "9"]
[EventCountry "RUS"]
[Source "lmi"]
[SourceDate "2008.02.02"]

1. d4 Nf6 2. c4 g6 3. Nc3 Bg7 4. g3 O-O 5. Bg2 d6 6. Nf3 Nbd7 7. O-O e5 8. Qc2
Re8 9. Rd1 c6 10. dxe5 dxe5 11. h3 Qc7 12. Be3 Bf8 13. Qc1 a5 14. Na4 b6 15.
Qc2 Ba6 1/2-1/2

[Event "4. Moscu Open 2008"]
[Site "Moscu RUS"]
[Date "2008.02.08"]
[Round "7.125"]
[White "Romanko, Marina"]
[Black "Ezhikov, Vitaly"]
[Result "1/2-1/2"]
[WhiteElo "2322"]
[BlackElo "2314"]
[PlyCount "73"]
[EventDate "2008.02.02"]
[EventType "swiss"]
[EventRounds "9"]
[EventCountry "RUS"]
[Source "lmi"]
[SourceDate "2008.02.02"]

1. d4 Nf6 2. c4 g6 3. Nf3 Bg7 4. g3 O-O 5. Bg2 d6 6. O-O Nbd7 7. Nc3 e5 8. e4
c6 9. Re1 Qb6 10. h3 exd4 11. Na4 Qc7 12. Nxd4 Nc5 13. Nxc5 dxc5 14. Nb3 Rd8
15. Qc2 Nd7 16. Bf4 Be5 17. Bxe5 Qxe5 18. Rad1 Re8 19. f4 Qe7 20. Qf2 Nb6 21.
Qxc5 Qxc5+ 22. Nxc5 Nxc4 23. b3 Nb6 24. e5 Kg7 25. g4 a5 26. Rd4 Ra7 27. Ne4
Be6 28. Nf6 Rf8 29. Red1 a4 30. Rb4 Nc8 31. Rxa4 Rxa4 32. bxa4 Nb6 33. Rb1 Nxa4
34. Rxb7 Rc8 35. Kf2 Bxa2 36. Ra7 Bb3 37. Bxc6 1/2-1/2

[Event "4. Moscu Open 2008"]
[Site "Moscu RUS"]
[Date "2008.02.08"]
[Round "7.126"]
[White "Tjurin, Alexander P"]
[Black "Onoprienko, Vladimir"]
[Result "1-0"]
[WhiteElo "2337"]
[BlackElo "2318"]
[PlyCount "53"]
[EventDate "2008.02.02"]
[EventType "swiss"]
[EventRounds "9"]
[EventCountry "RUS"]
[Source "lmi"]
[SourceDate "2008.02.02"]

1. d4 c5 2. dxc5 e5 3. c4 Bxc5 4. g3 Nf6 5. Bg2 O-O 6. Nc3 Nc6 7. e3 d6 8. Nge2
Be6 9. b3 Qd7 10. Nd5 Ne8 11. O-O f5 12. Bb2 Nf6 13. Nec3 Rad8 14. Qd2 Qf7 15.
Nxf6+ Qxf6 16. a3 Qh6 17. Nd5 f4 18. gxf4 Bh3 19. b4 exf4 20. Nxf4 Bxg2 21.
Kxg2 d5 22. bxc5 d4 23. Nd5 Qg6+ 24. Kh1 Rf3 25. Qxd4 Rd7 26. Nf6+ Qxf6 27.
Qxd7 1-0

[Event "4. Moscu Open 2008"]
[Site "Moscu RUS"]
[Date "2008.02.08"]
[Round "7.127"]
[White "Zhadanov, Vasili B"]
[Black "Zakharchenko, Arnold"]
[Result "1-0"]
[WhiteElo "2164"]
[BlackElo "2309"]
[PlyCount "21"]
[EventDate "2008.02.02"]
[EventType "swiss"]
[EventRounds "9"]
[EventCountry "RUS"]
[Source "lmi"]
[SourceDate "2008.02.02"]

1. e4 g6 2. d4 d6 3. Nc3 Bg7 4. f4 c6 5. Be2 Qb6 6. Nf3 Bg4 7. e5 d5 8. O-O e6
9. Na4 Qc7 10. b3 Ne7 11. Ba3 1-0

[Event "4. Moscu Open 2008"]
[Site "Moscu RUS"]
[Date "2008.02.08"]
[Round "7.129"]
[White "Markevich, Arseniy"]
[Black "Demianjuk, Alexander"]
[Result "0-1"]
[WhiteElo "2054"]
[BlackElo "2305"]
[PlyCount "44"]
[EventDate "2008.02.02"]
[EventType "swiss"]
[EventRounds "9"]
[EventCountry "RUS"]
[Source "lmi"]
[SourceDate "2008.02.02"]

1. d4 Nf6 2. Bg5 e6 3. e3 h6 4. Bh4 b6 5. Nd2 Bb7 6. Ngf3 Be7 7. Bd3 d5 8. Ne5
O-O 9. O-O c5 10. c3 Nc6 11. f4 Ne4 12. Bxe7 Nxe7 13. a4 Nf5 14. Qe2 Nxd2 15.
Qxd2 a5 16. Bxf5 exf5 17. Qc2 Qc8 18. Qb3 Qc7 19. Qb5 Rfd8 20. Rfc1 f6 21. Ng6
c4 22. b3 Bc6 0-1

[Event "4. Moscu Open 2008"]
[Site "Moscu RUS"]
[Date "2008.02.08"]
[Round "7.130"]
[White "Polonsky, Pavel"]
[Black "Nguyen, Viet Tuong"]
[Result "0-1"]
[WhiteElo "2101"]
[BlackElo "2301"]
[PlyCount "76"]
[EventDate "2008.02.02"]
[EventType "swiss"]
[EventRounds "9"]
[EventCountry "RUS"]
[Source "lmi"]
[SourceDate "2008.02.02"]

1. e4 c5 2. b3 Nc6 3. Bb2 e5 4. Nf3 d6 5. Bb5 Nge7 6. O-O g6 7. Nc3 Bg7 8. Nd5
O-O 9. Bxc6 bxc6 10. Nxe7+ Qxe7 11. d3 f5 12. Nd2 f4 13. f3 d5 14. exd5 cxd5
15. Qe2 Bf5 16. c4 Rad8 17. cxd5 Rxd5 18. Ne4 Rfd8 19. Rad1 Qd7 20. Rc1 Rxd3
21. Nxc5 Rd2 22. Qc4+ Qd5 23. Qc3 Qd4+ 24. Qxd4 exd4 25. Rf2 Rxb2 26. Rxb2 d3
27. Rf2 Bd4 28. Ne4 Be3 29. Rd1 Rc8 30. Nd2 Rc2 31. a4 Be6 32. b4 Ra2 33. a5
Bxf2+ 34. Kxf2 Bb3 35. Rb1 Rxd2+ 36. Kf1 Rd1+ 37. Rxd1 Bxd1 38. b5 d2 0-1

[Event "4. Moscu Open 2008"]
[Site "Moscu RUS"]
[Date "2008.02.08"]
[Round "7.131"]
[White "Tologontegin, Semetery"]
[Black "Mingaliev, Ildar"]
[Result "1-0"]
[WhiteElo "2407"]
[BlackElo "1977"]
[PlyCount "45"]
[EventDate "2008.02.02"]
[EventType "swiss"]
[EventRounds "9"]
[EventCountry "RUS"]
[Source "lmi"]
[SourceDate "2008.02.02"]

1. e4 e5 2. Nf3 Nc6 3. Bb5 a6 4. Ba4 Nf6 5. O-O Be7 6. Re1 b5 7. Bb3 d6 8. c3
O-O 9. h3 Na5 10. Bc2 c5 11. d4 Qc7 12. Nbd2 Bb7 13. d5 Rfb8 14. b3 Bc8 15. Nf1
Bd7 16. Ng3 h6 17. Nh2 Bf8 18. f4 exf4 19. Bxf4 Re8 20. Nf3 g5 21. e5 gxf4 22.
exf6 Bg7 23. Nh5 1-0

[Event "4. Moscu Open 2008"]
[Site "Moscu RUS"]
[Date "2008.02.08"]
[Round "7.132"]
[White "Orlov, Nikolay I"]
[Black "Fazulyanov, Sergey"]
[Result "1/2-1/2"]
[WhiteElo "2314"]
[BlackElo "2355"]
[PlyCount "51"]
[EventDate "2008.02.02"]
[EventType "swiss"]
[EventRounds "9"]
[EventCountry "RUS"]
[Source "lmi"]
[SourceDate "2008.02.02"]

1. d4 d5 2. c4 c6 3. Nf3 Nf6 4. Nc3 a6 5. c5 b6 6. cxb6 Nbd7 7. Bf4 Nxb6 8. e3
e6 9. Rc1 Bb7 10. Be2 c5 11. dxc5 Bxc5 12. Nxd5 Nbxd5 13. Rxc5 O-O 14. O-O Qb6
15. Rc3 Nxf4 16. exf4 Rfd8 17. Qc1 Be4 18. Rc7 Rab8 19. b3 Qa5 20. Ne5 Rf8 21.
Ra7 Bb7 22. Nc6 Bxc6 23. Qxc6 Qxa2 24. Bc4 Qd2 25. g3 a5 26. Qa6 1/2-1/2

[Event "4. Moscu Open 2008"]
[Site "Moscu RUS"]
[Date "2008.02.08"]
[Round "7.133"]
[White "Chizhikov, Vladislav"]
[Black "Stukopin, Andrey"]
[Result "0-1"]
[WhiteElo "2590"]
[BlackElo "2342"]
[PlyCount "110"]
[EventDate "2008.02.02"]
[EventType "swiss"]
[EventRounds "9"]
[EventCountry "RUS"]
[Source "lmi"]
[SourceDate "2008.02.02"]

1. e4 c5 2. Nf3 e6 3. d4 cxd4 4. Nxd4 a6 5. Nc3 Qc7 6. Bd3 Nf6 7. O-O Bc5 8.
Nb3 Be7 9. f4 d6 10. Kh1 Nbd7 11. Qe1 O-O 12. Qg3 b5 13. f5 b4 14. Nd1 Kh8 15.
a4 Bb7 16. Nf2 e5 17. Bg5 h6 18. Qh3 Kg8 19. Bxf6 Nxf6 20. Ng4 d5 21. Nd2 Nxg4
22. Qxg4 Bg5 23. f6 g6 24. Rad1 Bxd2 25. Rxd2 dxe4 26. Bxe4 Qc4 27. Re1 Bxe4
28. Qxe4 Qxe4 29. Rxe4 Rad8 30. Rxd8 Rxd8 31. Kg1 Rd6 32. Rxb4 Rxf6 33. a5 Rc6
34. c3 Rc5 35. Ra4 f5 36. Kf2 Kf7 37. Ra3 Ke6 38. b4 Rc7 39. b5 axb5 40. a6 Ra7
41. Ra5 Kd6 42. Rxb5 Rxa6 43. Ke3 g5 44. g3 g4 45. Kd3 h5 46. Rb2 Ke6 47. Ke3
Rc6 48. Rb3 h4 49. Ra3 h3 50. Rb3 Kf6 51. Ra3 Kg5 52. Rb3 f4+ 53. gxf4+ exf4+
54. Kd4 g3 55. c4 Kg4 0-1

[Event "4. Moscu Open 2008"]
[Site "Moscu RUS"]
[Date "2008.02.08"]
[Round "7.134"]
[White "Kruglov, Viktor"]
[Black "Yudin, Ivan"]
[Result "0-1"]
[WhiteElo "2336"]
[BlackElo "2176"]
[PlyCount "100"]
[EventDate "2008.02.02"]
[EventType "swiss"]
[EventRounds "9"]
[EventCountry "RUS"]
[Source "lmi"]
[SourceDate "2008.02.02"]

1. e4 c5 2. Nf3 d6 3. d4 cxd4 4. Nxd4 Nf6 5. Nc3 a6 6. Bc4 e6 7. Bb3 Nbd7 8.
O-O Nc5 9. Re1 Be7 10. f4 Nxb3 11. axb3 O-O 12. Qf3 Rb8 13. f5 e5 14. Nde2 b5
15. b4 Bb7 16. Bg5 Qb6+ 17. Kh1 Nxe4 18. Nxe4 Bxg5 19. N2g3 f6 20. Qg4 Bh6 21.
Nh5 Kh8 22. Ra3 Qd4 23. Rg3 Bxe4 24. Rxe4 Qxb2 25. h3 Qc1+ 26. Kh2 Rf7 27. Rc3
d5 28. Re2 Qg5 29. Qxg5 Bxg5 30. Rc6 g6 31. Ng3 Bf4 32. fxg6 hxg6 33. Rxa6 Rc8
34. Ra3 Rfc7 35. Rf2 Rc3 36. Rf3 Rxf3 37. Rxf3 Rxc2 38. Kg1 Bxg3 39. Rxg3 Kg7
40. Ra3 Rb2 41. Ra7+ Kh6 42. Ra6 f5 43. Rd6 Rd2 44. Rb6 e4 45. Rxb5 d4 46. Re5
Rb2 47. b5 d3 48. Rd5 d2 49. Kf1 e3 50. Ke2 Rb1 0-1

[Event "4. Moscu Open 2008"]
[Site "Moscu RUS"]
[Date "2008.02.08"]
[Round "7.135"]
[White "Mikheev, Stanislav"]
[Black "Shefer, Alexander"]
[Result "0-1"]
[WhiteElo "2312"]
[BlackElo "2113"]
[PlyCount "82"]
[EventDate "2008.02.02"]
[EventType "swiss"]
[EventRounds "9"]
[EventCountry "RUS"]
[Source "lmi"]
[SourceDate "2008.02.02"]

1. e4 e6 2. d4 d5 3. Nc3 dxe4 4. Nxe4 Nd7 5. Nf3 Ngf6 6. Nxf6+ Nxf6 7. Be2 Be7
8. O-O O-O 9. c4 c5 10. dxc5 Bxc5 11. Bg5 Bd7 12. Ne5 Bc6 13. Nxc6 bxc6 14. Qc2
Qb6 15. Rad1 Rfd8 16. Bd3 h6 17. Bh4 Bd4 18. b3 a5 19. Qe2 a4 20. Bc2 axb3 21.
axb3 c5 22. Rd3 Ra7 23. Rfd1 Rda8 24. h3 Ra1 25. Bb1 R1a3 26. Qc2 g5 27. Bg3 e5
28. Rf3 e4 29. Rxf6 Qxf6 30. Qxe4 Rd8 31. Rd3 Qe6 32. Qxe6 fxe6 33. Kh2 Ra1 34.
Bc2 Rc1 35. Rd2 Bf6 36. Re2 Kf7 37. Bc7 Rd7 38. Bb6 Bd4 39. g3 Rd6 40. Ba5 Ra6
41. b4 Bc3 0-1

[Event "4. Moscu Open 2008"]
[Site "Moscu RUS"]
[Date "2008.02.08"]
[Round "7.136"]
[White "Reutsky, Sergei"]
[Black "Gvilava, Maya"]
[Result "1-0"]
[WhiteElo "2311"]
[BlackElo "2039"]
[PlyCount "33"]
[EventDate "2008.02.02"]
[EventType "swiss"]
[EventRounds "9"]
[EventCountry "RUS"]
[Source "lmi"]
[SourceDate "2008.02.02"]

1. e4 c5 2. Nc3 Nc6 3. f4 g6 4. Nf3 Bg7 5. Bc4 d6 6. d3 e6 7. O-O Nge7 8. Qe1
O-O 9. f5 exf5 10. Qh4 Qe8 11. Bh6 Ne5 12. Ng5 Nxc4 13. Bxg7 Kxg7 14. Qxh7+ Kf6
15. e5+ Kxg5 16. h4+ Kg4 17. Qh6 1-0

[Event "4. Moscu Open 2008"]
[Site "Moscu RUS"]
[Date "2008.02.08"]
[Round "7.137"]
[White "Musaev, Mansur"]
[Black "Vakhlamov, Igor L"]
[Result "1/2-1/2"]
[WhiteElo "2303"]
[BlackElo "2068"]
[PlyCount "57"]
[EventDate "2008.02.02"]
[EventType "swiss"]
[EventRounds "9"]
[EventCountry "RUS"]
[Source "lmi"]
[SourceDate "2008.02.02"]

1. e4 c5 2. Nf3 Nc6 3. d4 cxd4 4. Nxd4 g6 5. Nc3 Bg7 6. Be3 Nf6 7. Bc4 O-O 8.
O-O Nxe4 9. Nxe4 d5 10. Nxc6 bxc6 11. Bd3 dxe4 12. Bxe4 Qc7 13. c3 Ba6 14. Re1
Rfd8 15. Qc1 Rab8 16. Bc5 e5 17. b4 f5 18. Bc2 Bc4 19. f3 Qf7 20. Qe3 a6 21. a4
Bb3 22. Bd3 e4 23. Bxa6 f4 24. Qc1 e3 25. Bd4 Bxd4 26. cxd4 Rxd4 27. Qxc6 Rbxb4
28. Be2 Bc4 29. g3 1/2-1/2

[Event "4. Moscu Open 2008"]
[Site "Moscu RUS"]
[Date "2008.02.08"]
[Round "7.138"]
[White "Kostin, Alexey"]
[Black "Novikov, Valeri"]
[Result "1-0"]
[WhiteElo "2389"]
[BlackElo "2143"]
[PlyCount "45"]
[EventDate "2008.02.02"]
[EventType "swiss"]
[EventRounds "9"]
[EventCountry "RUS"]
[Source "lmi"]
[SourceDate "2008.02.02"]

1. e4 e5 2. f4 exf4 3. Bc4 Qh4+ 4. Kf1 Nc6 5. Nf3 Qe7 6. d4 d5 7. exd5 Na5 8.
Bd3 Bg4 9. Bxf4 O-O-O 10. c4 Nf6 11. Nbd2 Nh5 12. Be5 f6 13. Bg3 Nxg3+ 14. hxg3
Qd7 15. Qc2 c6 16. Qa4 b6 17. b4 Bf5 18. Bxf5 Qxf5 19. bxa5 b5 20. Qb3 g5 21.
cxb5 Rxd5 22. bxc6 Rb5 23. g4 1-0

[Event "4. Moscu Open 2008"]
[Site "Moscu RUS"]
[Date "2008.02.08"]
[Round "7.139"]
[White "Kurenkov, Nikolai"]
[Black "Benza, Artem"]
[Result "0-1"]
[WhiteElo "2438"]
[BlackElo "2333"]
[PlyCount "104"]
[EventDate "2008.02.02"]
[EventType "swiss"]
[EventRounds "9"]
[EventCountry "RUS"]
[Source "lmi"]
[SourceDate "2008.02.02"]

1. d4 Nf6 2. c4 g6 3. Nc3 Bg7 4. e4 O-O 5. Be3 d6 6. f3 Nc6 7. Qd2 a6 8. Bd3
Rb8 9. Nge2 Re8 10. O-O Nd7 11. Rac1 e5 12. d5 Nd4 13. Bb1 Nxe2+ 14. Qxe2 c5
15. dxc6 bxc6 16. Rfd1 Qc7 17. c5 Nxc5 18. Bxc5 dxc5 19. Na4 Bf8 20. b3 Qa5 21.
Qe3 Rb4 22. Nxc5 Qb6 23. Qf2 Bh6 24. Rc3 Rd4 25. Rdd3 Red8 26. Na4 Qb5 27. Qf1
a5 28. Rxd4 exd4 29. Rc4 Be6 30. Bd3 Bxc4 31. Bxc4 Qb4 32. Nb2 Qd2 33. Nd3 Re8
34. e5 Be3+ 35. Kh1 Qxa2 36. f4 Qd2 37. h3 Re7 38. f5 gxf5 39. Qxf5 Bg5 40. Kh2
h5 41. Qg6+ Kf8 42. Qf5 h4 43. e6 f6 44. Qf3 Kg7 45. Kh1 a4 46. bxa4 Rb7 47.
Bb5 Rc7 48. Bxc6 Rxc6 49. Qxc6 Qxd3 50. Qb7+ Kh6 51. Qf3 Qxf3 52. gxf3 Kg6 0-1

[Event "4. Moscu Open 2008"]
[Site "Moscu RUS"]
[Date "2008.02.08"]
[Round "7.140"]
[White "Leontiev, Aleksandr V"]
[Black "Krivolapov, Vasily"]
[Result "1-0"]
[WhiteElo "2330"]
[BlackElo "2135"]
[PlyCount "79"]
[EventDate "2008.02.02"]
[EventType "swiss"]
[EventRounds "9"]
[EventCountry "RUS"]
[Source "lmi"]
[SourceDate "2008.02.02"]

1. c4 Nf6 2. Nc3 d5 3. cxd5 Nxd5 4. Nf3 g6 5. Qa4+ Nc6 6. Ne5 Bd7 7. Nxd7 Qxd7
8. g3 Nb6 9. Qd1 Bg7 10. Bg2 O-O 11. O-O Rab8 12. d3 Nd4 13. e3 Ne6 14. d4 c6
15. b4 Nc7 16. Qb3 Nb5 17. Ne4 Qd5 18. Nf6+ Bxf6 19. Bxd5 cxd5 20. Bb2 Rbc8 21.
Rac1 Nc4 22. Rc2 Nbd6 23. b5 Rc7 24. Ba3 Ne4 25. Bb4 Rfc8 26. f3 Ng5 27. h4 Ne6
28. Rd1 Kg7 29. Kh2 h5 30. Kh3 b6 31. Rg2 Re8 32. Be1 Rh8 33. Re2 Rd8 34. Bf2
Na5 35. Qb1 Kh7 36. e4 dxe4 37. d5 exf3 38. dxe6 Rxd1 39. Qxd1 fxe2 40. Qd8 1-0

[Event "4. Moscu Open 2008"]
[Site "Moscu RUS"]
[Date "2008.02.08"]
[Round "7.141"]
[White "Shumilina, Alexandra"]
[Black "Adlai, Semion"]
[Result "1-0"]
[WhiteElo "2317"]
[BlackElo "2590"]
[PlyCount "99"]
[EventDate "2008.02.02"]
[EventType "swiss"]
[EventRounds "9"]
[EventCountry "RUS"]
[Source "lmi"]
[SourceDate "2008.02.02"]

1. e4 e5 2. Nf3 Nf6 3. Nxe5 d6 4. Nf3 Nxe4 5. Nc3 Nxc3 6. dxc3 c6 7. Be3 Be7 8.
Qd2 O-O 9. Bd3 Bg4 10. Nd4 Re8 11. h3 Bh5 12. g4 Bg6 13. Bxg6 hxg6 14. O-O-O
Nd7 15. Nf3 Ne5 16. Nxe5 dxe5 17. Qe2 Qa5 18. Kb1 Rad8 19. Qc4 Rd5 20. Rxd5
cxd5 21. Qb3 b6 22. Rd1 Rd8 23. a3 g5 24. f3 Bf6 25. Ka2 Kf8 26. c4 d4 27. Bd2
Qa6 28. Bb4+ Be7 29. Bxe7+ Kxe7 30. Re1 f6 31. Qd3 Rc8 32. b3 Rc5 33. Qxd4 Qc8
34. Qd3 b5 35. Re4 bxc4 36. Rxc4 Rxc4 37. bxc4 Qc5 38. Qb3 a5 39. Qb7+ Ke6 40.
Kb3 Qe3+ 41. Ka4 Qc5 42. Qb5 Kd6 43. Kxa5 Qxa3+ 44. Kb6 Qxf3 45. c5+ Ke7 46. c6
Qe3+ 47. Kb7 Qe4 48. Kb8 Qd4 49. c7 Qd6 50. Kb7 1-0

[Event "4. Moscu Open 2008"]
[Site "Moscu RUS"]
[Date "2008.02.08"]
[Round "7.145"]
[White "Lyaskovsky, Viktor"]
[Black "Bochkov, Mikhail"]
[Result "1-0"]
[WhiteElo "2326"]
[BlackElo "2314"]
[PlyCount "97"]
[EventDate "2008.02.02"]
[EventType "swiss"]
[EventRounds "9"]
[EventCountry "RUS"]
[Source "lmi"]
[SourceDate "2008.02.02"]

1. e4 Nf6 2. e5 Nd5 3. d4 d6 4. Nf3 Bg4 5. Be2 e6 6. h3 Bh5 7. c4 Nb6 8. exd6
cxd6 9. O-O Be7 10. Nc3 O-O 11. Be3 N8d7 12. b3 Nf6 13. a4 h6 14. a5 Nbd7 15.
b4 e5 16. dxe5 dxe5 17. Qa4 e4 18. Nd4 Bxe2 19. Ncxe2 Ne5 20. c5 Nd5 21. Qb3
Bg5 22. Bxg5 Qxg5 23. Rad1 Rad8 24. Ng3 e3 25. Nde2 exf2+ 26. Rxf2 Ne3 27. Rxd8
Rxd8 28. h4 Qxh4 29. Qxe3 Ng4 30. Qb3 Qh2+ 31. Kf1 Ne3+ 32. Ke1 Rd1+ 33. Qxd1
Nxd1 34. Kxd1 h5 35. Ke1 h4 36. Nf1 Qe5 37. Rf4 g5 38. Rd4 Kf8 39. Kf2 f5 40.
Ne3 h3 41. gxh3 Qh2+ 42. Ng2 Qxh3 43. a6 bxa6 44. c6 Qh2 45. Nef4 gxf4 46. c7
Qg3+ 47. Kg1 Qc3 48. Rd8+ Ke7 49. c8=Q 1-0

[Event "4. Moscu Open 2008"]
[Site "Moscu RUS"]
[Date "2008.02.08"]
[Round "7.146"]
[White "Kanaev, Sergey"]
[Black "Hudaberdin, Ravil"]
[Result "1/2-1/2"]
[WhiteElo "2314"]
[BlackElo "2590"]
[PlyCount "106"]
[EventDate "2008.02.02"]
[EventType "swiss"]
[EventRounds "9"]
[EventCountry "RUS"]
[Source "lmi"]
[SourceDate "2008.02.02"]

1. d4 d5 2. e3 Nf6 3. Nf3 Bg4 4. Be2 e6 5. Nbd2 c5 6. c3 Nc6 7. b3 cxd4 8. cxd4
Bb4 9. Bb2 O-O 10. O-O Rc8 11. a3 Bd6 12. b4 a6 13. Rc1 Na7 14. Rxc8 Qxc8 15.
Bd3 Qb8 16. h3 Bh5 17. Qb1 Bg6 18. Bxg6 hxg6 19. e4 dxe4 20. Nxe4 Nd5 21. h4
Nc6 22. h5 gxh5 23. Neg5 g6 24. Nh4 Qe8 25. Re1 Kg7 26. Nxg6 Be7 27. Nxf8 Kxf8
28. Nf3 Bf6 29. Qh7 Ke7 30. Qxh5 Kd7 31. Ne5+ Nxe5 32. dxe5 Bd8 33. Qd1 Kc8 34.
Qc2+ Kb8 35. Bd4 Qg8 36. Rc1 Bc7 37. Qc5 Bb6 38. Qd6+ Bc7 39. Rxc7 Nxc7 40. Bb6
Qc8 41. Qxc7+ Qxc7 42. Bxc7+ Kxc7 43. f4 Kc6 44. Kf2 Kb5 45. Ke3 Ka4 46. Ke4
Kxa3 47. f5 Kxb4 48. g4 a5 49. fxe6 fxe6 50. g5 a4 51. g6 a3 52. g7 a2 53. g8=Q
a1=Q 1/2-1/2

[Event "4. Moscu Open 2008"]
[Site "Moscu RUS"]
[Date "2008.02.09"]
[Round "8.25"]
[White "Areshchenko, Alexander"]
[Black "Abdulla, Al-Rakib"]
[Result "1-0"]
[WhiteElo "2645"]
[BlackElo "2506"]
[PlyCount "62"]
[EventDate "2008.02.02"]
[EventType "swiss"]
[EventRounds "9"]
[EventCountry "RUS"]
[Source "lmi"]
[SourceDate "2008.02.02"]

1. e4 e5 2. Nf3 Nc6 3. Bc4 Nf6 4. d3 Be7 5. O-O O-O 6. Bb3 d6 7. c3 Na5 8. Bc2
c5 9. Nbd2 Nc6 10. Re1 Re8 11. a3 Bf8 12. b4 a6 13. Bb2 Be6 14. h3 Nd7 15. d4
cxd4 16. cxd4 exd4 17. Nxd4 Nxd4 18. Bxd4 Qh4 19. Bb2 Ne5 20. Re3 Rac8 21. Nf3
Nxf3+ 22. Rxf3 Red8 23. Rg3 Kh8 24. Bd4 Rc6 25. Qb1 Rdc8 26. Bd3 Bc4 27. Qb2
Qh6 28. Re3 Qe6 29. Bc2 Bb5 30. Bd1 Re8 31. a4 Bc4 1-0